[Event "I Torneo de Ajedrez La Salle"]
[Site "Zaragoza ESP"]
[Date "2005.10.21"]
[Round "2.1"]
[White "Sig Vargas, Pablo"]
[Black "Ramiro Ovejero, Juan Luis"]
[Result "0-1"]
[WhiteElo "2006"]
[BlackElo "2332"]
[PlyCount "30"]
[EventDate "2005.10.08"]
[EventType "swiss"]
[EventRounds "9"]
[EventCountry "ESP"]
[Source "lmi"]
[SourceDate "2005.12.17"]

1. e4 c5 2. Nc3 Nc6 3. f4 g6 4. Nf3 Bg7 5. Bb5 Nd4 6. O-O e6 7. Kh1 Ne7 8. Nxd4
cxd4 9. Ne2 O-O 10. d3 d5 11. Ng3 Qa5 12. c4 dxc3 13. Qb3 a6 14. Bd7 Bxd7 15.
Qxb7 Qb5 0-1

[Event "I Torneo de Ajedrez La Salle"]
[Site "Zaragoza ESP"]
[Date "2005.10.21"]
[Round "2.2"]
[White "Gomez Anadon, Daniel"]
[Black "Glaria Tevar, Salvador"]
[Result "1-0"]
[WhiteElo "2288"]
[BlackElo "2003"]
[PlyCount "54"]
[EventDate "2005.10.08"]
[EventType "swiss"]
[EventRounds "9"]
[EventCountry "ESP"]
[Source "lmi"]
[SourceDate "2005.12.17"]

1. e4 c5 2. Nc3 e6 3. Nf3 Nc6 4. Bb5 Nd4 5. Nxd4 cxd4 6. Ne2 Bc5 7. O-O a6 8.
Ba4 b5 9. Bb3 Bb7 10. d3 Ne7 11. Ng3 Qc7 12. Nh5 O-O-O 13. Bf4 Bd6 14. Bxd6
Qxd6 15. a4 b4 16. Qd2 Qe5 17. Ng3 Nc6 18. Rac1 Kb8 19. f4 Qc5 20. Qf2 Rc8 21.
Ne2 f6 22. c3 bxc3 23. bxc3 Qa3 24. Bc4 d5 25. exd5 exd5 26. Bxd5 Rce8 27. Bxc6
Bxc6 1-0

[Event "I Torneo de Ajedrez La Salle"]
[Site "Zaragoza ESP"]
[Date "2005.10.21"]
[Round "2.3"]
[White "Forcen Esteban, Daniel"]
[Black "Colas Longares, Rafael P"]
[Result "1-0"]
[WhiteElo "1961"]
[BlackElo "2280"]
[PlyCount "53"]
[EventDate "2005.10.08"]
[EventType "swiss"]
[EventRounds "9"]
[EventCountry "ESP"]
[Source "lmi"]
[SourceDate "2005.12.17"]

1. e4 c5 2. Nf3 Nc6 3. d3 d5 4. Nbd2 g6 5. g3 Bg7 6. c3 e6 7. Bg2 Nge7 8. O-O
O-O 9. Re1 Qc7 10. Nf1 d4 11. c4 Rb8 12. h4 e5 13. Ng5 f6 14. Nh3 Be6 15. h5
Qd7 16. Kh2 a6 17. hxg6 hxg6 18. f3 b5 19. b3 bxc4 20. bxc4 Kf7 21. Nf2 Rh8+
22. Kg1 Rb6 23. Nd2 Nb4 24. Nb3 Rc8 25. a3 Nc2 26. Qxc2 Qa4 27. Nxd4 1-0

[Event "I Torneo de Ajedrez La Salle"]
[Site "Zaragoza ESP"]
[Date "2005.10.21"]
[Round "2.4"]
[White "Roche Simon, Manuel A"]
[Black "Sanz Navarro, Alberto"]
[Result "1-0"]
[WhiteElo "2206"]
[BlackElo "1960"]
[PlyCount "67"]
[EventDate "2005.10.08"]
[EventType "swiss"]
[EventRounds "9"]
[EventCountry "ESP"]
[Source "lmi"]
[SourceDate "2005.12.17"]

1. e4 c5 2. Nf3 Nc6 3. d4 cxd4 4. Nxd4 d6 5. Nc3 a6 6. Be3 e6 7. Qd2 Nge7 8.
Be2 g6 9. O-O Bg7 10. Rad1 O-O 11. Nxc6 Nxc6 12. Qxd6 Qa5 13. Qc5 Bxc3 14. Qxc3
Qxc3 15. bxc3 e5 16. Bc4 Kg7 17. Bb6 f5 18. f3 fxe4 19. fxe4 Bg4 20. Rxf8 Rxf8
21. Rb1 Bc8 22. Bd5 Rf6 23. a4 Ne7 24. Bc7 Nxd5 25. exd5 Rf5 26. c4 Bd7 27.
Rxb7 Bxa4 28. Bxe5+ Kh6 29. Bd4 Bxc2 30. Be3+ g5 31. h4 Bd3 32. d6 Bxc4 33. d7
Rd5 34. Bxg5+ 1-0

[Event "I Torneo de Ajedrez La Salle"]
[Site "Zaragoza ESP"]
[Date "2005.10.21"]
[Round "2.5"]
[White "Forcen Esteban, Victor"]
[Black "Palacios Latasa, Elias"]
[Result "1/2-1/2"]
[WhiteElo "1943"]
[BlackElo "2204"]
[PlyCount "105"]
[EventDate "2005.10.08"]
[EventType "swiss"]
[EventRounds "9"]
[EventCountry "ESP"]
[Source "lmi"]
[SourceDate "2005.12.17"]

1. e4 d5 2. exd5 Nf6 3. c4 e6 4. dxe6 Bxe6 5. Nf3 Nc6 6. Be2 Bc5 7. d3 Qd6 8.
Nc3 O-O-O 9. Ng5 Ne5 10. Nge4 Nxe4 11. Nxe4 Bb4+ 12. Kf1 Qd7 13. Bg5 Be7 14.
Bxe7 Qxe7 15. Qc2 Bf5 16. Rd1 Nxd3 17. Bxd3 Bxe4 18. Bxe4 Rxd1+ 19. Qxd1 Qxe4
20. Qc1 Re8 21. h3 Qd4 22. g4 Qe4 23. Rg1 Rd8 24. b3 Qf3 25. Ke1 Re8+ 26. Kf1
Qxh3+ 27. Rg2 Qh1+ 28. Rg1 Qe4 29. Qd1 Rd8 30. Qe2 Qxe2+ 31. Kxe2 h6 32. f4 Kd7
33. Kf3 Ke6 34. Rg2 Rd1 35. Re2+ Kf6 36. Ke4 Rd7 37. Kf3 Kg6 38. Re3 h5 39. a3
hxg4+ 40. Kxg4 Kf6 41. a4 Rd4 42. Re5 g6 43. Rb5 b6 44. a5 c6 45. axb6 axb6 46.
Rxb6 Rd6 47. b4 Ke7 48. b5 cxb5 49. Rxd6 Kxd6 50. cxb5 f6 51. Kf3 Kc5 52. Ke4
g5 53. fxg5 1/2-1/2

[Event "I Torneo de Ajedrez La Salle"]
[Site "Zaragoza ESP"]
[Date "2005.10.21"]
[Round "2.6"]
[White "Labena Bernal, Antonio"]
[Black "Cortes Lizano, Jesus"]
[Result "0-1"]
[WhiteElo "1942"]
[BlackElo "2177"]
[PlyCount "82"]
[EventDate "2005.10.08"]
[EventType "swiss"]
[EventRounds "9"]
[EventCountry "ESP"]
[Source "lmi"]
[SourceDate "2005.12.17"]

1. e4 c6 2. Nf3 d6 3. d4 Nf6 4. Bd3 g6 5. O-O Bg7 6. Re1 O-O 7. c3 Re8 8. e5
Nd5 9. exd6 Qxd6 10. Nbd2 b5 11. Ne4 Qc7 12. Bg5 Bf5 13. Bh4 Bxe4 14. Bxe4 Qb7
15. Qb3 e6 16. a4 b4 17. Bg3 Na6 18. Rec1 Rac8 19. Bd3 c5 20. Bxa6 Qxa6 21. c4
Nf6 22. dxc5 Qa5 23. Bd6 Ne4 24. Be5 Nxc5 25. Qe3 Red8 26. Bxg7 Kxg7 27. Nd4
Kg8 28. b3 Rxd4 29. Qxd4 Nxb3 30. Qd7 Rc7 31. Qd8+ Kg7 32. h3 Qc5 33. Rab1 Nxc1
34. Rxc1 Rc6 35. Qd1 e5 36. Qb3 a5 37. Rd1 Rf6 38. Rd2 Rf4 39. Rc2 Rd4 40. Kh2
e4 41. Qe3 Qe5+ 0-1

[Event "I Torneo de Ajedrez La Salle"]
[Site "Zaragoza ESP"]
[Date "2005.10.21"]
[Round "2.7"]
[White "Cerrajeria Ruiz, Jesus Maria"]
[Black "Sanz Lopez, Ruben"]
[Result "0-1"]
[WhiteElo "2159"]
[BlackElo "1941"]
[PlyCount "61"]
[EventDate "2005.10.08"]
[EventType "swiss"]
[EventRounds "9"]
[EventCountry "ESP"]
[Source "lmi"]
[SourceDate "2005.12.17"]

1. Nf3 c5 2. g3 Nc6 3. Bg2 g6 4. O-O Bg7 5. e4 e5 6. c3 Nge7 7. d4 cxd4 8. cxd4
exd4 9. Re1 O-O 10. Bg5 d6 11. Qd2 Re8 12. Na3 a6 13. Bh6 Bh8 14. Rad1 Be6 15.
b3 Bg4 16. Qf4 Bxf3 17. Bxf3 Ne5 18. Bg2 Rc8 19. Qh4 Qa5 20. Nc4 Nxc4 21. bxc4
Nf5 22. Qg5 Rc5 23. Bf1 Ne3 24. e5 Rcxe5 25. Rxe3 dxe3 26. Qf4 e2 27. Bxe2 Rxe2
28. Rxd6 Re1+ 29. Kg2 Qe5 30. Qd2 Qe4+ 31. Kh3 0-1

[Event "I Torneo de Ajedrez La Salle"]
[Site "Zaragoza ESP"]
[Date "2005.10.21"]
[Round "2.8"]
[White "Sanchez Castro, Roberto"]
[Black "Villuendas Valero, Adrian"]
[Result "0-1"]
[WhiteElo "1917"]
[BlackElo "2154"]
[PlyCount "46"]
[EventDate "2005.10.08"]
[EventType "swiss"]
[EventRounds "9"]
[EventCountry "ESP"]
[Source "lmi"]
[SourceDate "2005.12.17"]

1. d3 e5 2. e4 Nc6 3. c3 Nf6 4. Nd2 Be7 5. Be2 O-O 6. h4 d5 7. h5 h6 8. Qc2 Be6
9. Ngf3 Qd7 10. Nf1 Ng4 11. Nh4 Bc5 12. Bxg4 Bxg4 13. f3 Be6 14. exd5 Qxd5 15.
Ne3 Qd7 16. g4 Rad8 17. Ke2 Ne7 18. b4 Bb6 19. Nc4 e4 20. Ne5 exd3+ 21. Qxd3
Qxd3+ 22. Nxd3 Bc4 23. Rd1 Rxd3 0-1

[Event "I Torneo de Ajedrez La Salle"]
[Site "Zaragoza ESP"]
[Date "2005.10.21"]
[Round "2.9"]
[White "Torcal Andolz, Alfonso"]
[Black "Hernando Garcia, Antonio"]
[Result "0-1"]
[WhiteElo "1885"]
[BlackElo "2137"]
[PlyCount "44"]
[EventDate "2005.10.08"]
[EventType "swiss"]
[EventRounds "9"]
[EventCountry "ESP"]
[Source "lmi"]
[SourceDate "2005.12.17"]

1. Nf3 d5 2. g3 Nf6 3. Bg2 Bf5 4. O-O h6 5. d3 e6 6. Nbd2 c6 7. Re1 Be7 8. e4
dxe4 9. dxe4 Nxe4 10. Nxe4 Qxd1 11. Rxd1 Bxe4 12. c3 Nd7 13. Be3 Nb6 14. Bxb6
axb6 15. Ne5 Bxg2 16. Kxg2 Rd8 17. Rxd8+ Bxd8 18. Rd1 b5 19. Rd7 Bf6 20. Nxf7
Rf8 21. Rxb7 Rxf7 22. Rb8+ Bd8 0-1

[Event "I Torneo de Ajedrez La Salle"]
[Site "Zaragoza ESP"]
[Date "2005.10.21"]
[Round "2.10"]
[White "Navarro Alonso, Jorge Luis"]
[Black "Cajo Esteban, Ruben"]
[Result "1-0"]
[WhiteElo "2136"]
[BlackElo "1905"]
[PlyCount "52"]
[EventDate "2005.10.08"]
[EventType "swiss"]
[EventRounds "9"]
[EventCountry "ESP"]
[Source "lmi"]
[SourceDate "2005.12.17"]

1. d4 d5 2. Nf3 Nf6 3. e3 e6 4. Bd3 Nbd7 5. O-O c5 6. c3 b6 7. Nbd2 Be7 8. Ne5
Bb7 9. f4 g6 10. Qf3 Nh5 11. g4 Ng7 12. Bb5 Bc8 13. Nc6 Qc7 14. Nxe7 Kxe7 15.
Bd3 h5 16. g5 Bb7 17. b3 a5 18. Bb2 a4 19. c4 Rhg8 20. cxd5 exd5 21. Rae1 axb3
22. e4 dxe4 23. Bxe4 Bxe4 24. Qxe4+ Ne6 25. d5 Ndf8 26. Nc4 Rxa2 1-0

[Event "I Torneo de Ajedrez La Salle"]
[Site "Zaragoza ESP"]
[Date "2005.10.28"]
[Round "3.1"]
[White "Ramiro Ovejero, Juan Luis"]
[Black "Moreno Gracia, Daniel"]
[Result "1-0"]
[WhiteElo "2332"]
[BlackElo "2045"]
[PlyCount "63"]
[EventDate "2005.10.08"]
[EventType "swiss"]
[EventRounds "9"]
[EventCountry "ESP"]
[Source "lmi"]
[SourceDate "2005.12.17"]

1. e4 e5 2. Nf3 Nc6 3. Bc4 Nf6 4. d3 Be7 5. a3 d6 6. h3 O-O 7. Nc3 Be6 8. Nd5
Bxd5 9. exd5 Nb8 10. O-O Nbd7 11. d4 e4 12. Nd2 Nb6 13. Ba2 c6 14. c4 Qd7 15.
Re1 cxd5 16. cxd5 Nbxd5 17. Nxe4 Rfe8 18. Qf3 Qc6 19. Qb3 Nxe4 20. Rxe4 Bf6 21.
Rxe8+ Rxe8 22. Bd2 Nb6 23. Qxf7+ Kh8 24. Rc1 Qd7 25. Qxd7 Nxd7 26. Be3 Bd8 27.
Bd5 b6 28. Bc6 Re7 29. Ba4 Nf8 30. Rc8 Ne6 31. d5 Rc7 32. Ra8 1-0

[Event "I Torneo de Ajedrez La Salle"]
[Site "Zaragoza ESP"]
[Date "2005.10.28"]
[Round "3.2"]
[White "Moser, Philippe"]
[Black "Gomez Anadon, Daniel"]
[Result "1/2-1/2"]
[WhiteElo "2011"]
[BlackElo "2288"]
[PlyCount "87"]
[EventDate "2005.10.08"]
[EventType "swiss"]
[EventRounds "9"]
[EventCountry "ESP"]
[Source "lmi"]
[SourceDate "2005.12.17"]

1. e4 c5 2. Nf3 d6 3. d4 cxd4 4. Nxd4 Nf6 5. Nc3 a6 6. g3 e5 7. Nde2 Nbd7 8.
Bg2 b5 9. O-O Bb7 10. a3 Be7 11. h3 Nc5 12. Bg5 O-O 13. Bxf6 Bxf6 14. Nd5 Rc8
15. Nec3 Bg5 16. Qe2 Bh6 17. Rad1 Ne6 18. Ne3 Rc5 19. Nf5 Bg5 20. Nxd6 Qc7 21.
Nxb7 Qxb7 22. Nd5 Rcc8 23. c3 Rfd8 24. h4 Be7 25. Rd2 Bf8 26. Rfd1 Qb8 27. Bh3
Kh8 28. Qf3 Rd7 29. Ne3 Rxd2 30. Rxd2 Rd8 31. Qd1 Rxd2 32. Qxd2 Nc5 33. Qd5 Qc7
34. c4 Qb7 35. cxb5 axb5 36. Qxb7 Nxb7 37. Bd7 b4 38. axb4 Bxb4 39. Nc4 f6 40.
Kf1 Kg8 41. Ke2 Kf8 42. Bc6 Na5 43. Nxa5 Bxa5 44. Bd5 1/2-1/2

[Event "I Torneo de Ajedrez La Salle"]
[Site "Zaragoza ESP"]
[Date "2005.10.28"]
[Round "3.4"]
[White "Cortes Lizano, Jesus"]
[Black "Lana Rodriguez, David"]
[Result "1-0"]
[WhiteElo "2177"]
[BlackElo "2037"]
[PlyCount "92"]
[EventDate "2005.10.08"]
[EventType "swiss"]
[EventRounds "9"]
[EventCountry "ESP"]
[Source "lmi"]
[SourceDate "2005.12.17"]

1. c4 c5 2. Nf3 g6 3. g3 Bg7 4. Bg2 Nc6 5. O-O d6 6. Nc3 e5 7. d3 Nge7 8. Bg5
f6 9. Be3 O-O 10. a3 Be6 11. Rb1 a5 12. Ne1 Qd7 13. Nd5 Rad8 14. Nc2 Bh3 15.
Nb6 Qf5 16. b4 Bxg2 17. Kxg2 axb4 18. axb4 cxb4 19. Nxb4 Qh5 20. f3 f5 21. N4d5
g5 22. Nxe7+ Nxe7 23. Nd5 Nxd5 24. cxd5 Rd7 25. Rb4 f4 26. g4 Qf7 27. Bf2 Qxd5
28. Qa4 Rff7 29. Rfb1 Bf8 30. Rb5 Qe6 31. Qa8 Qe7 32. Qa5 Rg7 33. d4 e4 34. Rf5
exf3+ 35. exf3 h6 36. Re1 Qd8 37. Qd5+ Kh8 38. Re6 Rge7 39. h4 Rxe6 40. Qxe6
Kh7 41. Rxf8 Qxf8 42. Qxd7+ Qg7 43. Qxg7+ Kxg7 44. hxg5 hxg5 45. d5 Kf7 46. Kf1
Ke7 1-0

[Event "I Torneo de Ajedrez La Salle"]
[Site "Zaragoza ESP"]
[Date "2005.10.28"]
[Round "3.5"]
[White "Villuendas Valero, Adrian"]
[Black "Forcen Esteban, Daniel"]
[Result "1-0"]
[WhiteElo "2154"]
[BlackElo "1961"]
[PlyCount "67"]
[EventDate "2005.10.08"]
[EventType "swiss"]
[EventRounds "9"]
[EventCountry "ESP"]
[Source "lmi"]
[SourceDate "2005.12.17"]

1. e4 c5 2. Nf3 d6 3. d4 cxd4 4. Nxd4 Nf6 5. Nc3 a6 6. Bc4 e6 7. Bb3 Nbd7 8.
Bg5 Nc5 9. f4 Be7 10. Qf3 Qc7 11. O-O b5 12. a3 Nxb3 13. Nxb3 Bb7 14. Rae1 h6
15. Bxf6 Bxf6 16. Qg3 O-O 17. e5 Be7 18. Kh1 d5 19. Nd4 Bc5 20. Nce2 Qb6 21. c3
Bc8 22. Rf3 Kh7 23. Qh4 Qd8 24. Qh3 g6 25. Ref1 a5 26. g4 Kg7 27. Qg3 b4 28.
axb4 axb4 29. f5 bxc3 30. bxc3 Qe8 31. Qh4 g5 32. Qh5 Ba6 33. f6+ Kh7 34. Rh3
1-0

[Event "I Torneo de Ajedrez La Salle"]
[Site "Zaragoza ESP"]
[Date "2005.10.28"]
[Round "3.6"]
[White "Hernando Garcia, Antonio"]
[Black "Arregui Untoria, Carlos"]
[Result "1-0"]
[WhiteElo "2137"]
[BlackElo "1827"]
[PlyCount "131"]
[EventDate "2005.10.08"]
[EventType "swiss"]
[EventRounds "9"]
[EventCountry "ESP"]
[Source "lmi"]
[SourceDate "2005.12.17"]

1. c4 e6 2. Nf3 Nf6 3. Nc3 Be7 4. d4 d5 5. cxd5 exd5 6. Bg5 c6 7. Qc2 g6 8. e3
Bf5 9. Bd3 Bxd3 10. Qxd3 Nbd7 11. O-O O-O 12. Bxf6 Bxf6 13. b4 a6 14. a4 Nb6
15. a5 Nc4 16. Nd2 Nd6 17. Nb3 Qe7 18. Rfe1 Rfe8 19. Re2 Bg7 20. Rae1 f5 21.
Nc5 Ne4 22. Nb1 Nxc5 23. bxc5 Qc7 24. Qd2 Bf6 25. g3 Bd8 26. Qb4 Rb8 27. Ra2
Re7 28. Nd2 Rg7 29. f4 Bf6 30. Nf3 Re7 31. Kf2 Kf7 32. Rb2 Ree8 33. Reb1 Re7
34. Qd2 Kg7 35. Rb6 Ra8 36. Qd1 Ra7 37. Qa4 Kf7 38. h3 Qd7 39. Qd1 h5 40. Ne5+
Bxe5 41. fxe5 Kg7 42. Qf3 Rf7 43. Qf4 Qe6 44. Kf3 Kh7 45. Ke2 Kg7 46. Rf1 Ra8
47. Qg5 Qe7 48. Qxe7 Rxe7 49. Rfb1 Ra7 50. Kf3 Kh6 51. Kf4 Kg7 52. Kg5 Rc7 53.
Rf1 Re7 54. g4 hxg4 55. hxg4 fxg4 56. Rf6 g3 57. Rxg6+ Kh7 58. Rb1 g2 59. Rg1
Rg7 60. Rxg7+ Kxg7 61. Rxg2 Ra8 62. Kf5+ Kf7 63. e6+ Kf8 64. Kf6 Re8 65. Rg6
Re7 66. Rg8+ 1-0

[Event "I Torneo de Ajedrez La Salle"]
[Site "Zaragoza ESP"]
[Date "2005.10.28"]
[Round "3.10"]
[White "Palacios Latasa, Elias"]
[Black "Aspas Aspas, Mariano"]
[Result "1-0"]
[WhiteElo "2204"]
[BlackElo "1844"]
[PlyCount "87"]
[EventDate "2005.10.08"]
[EventType "swiss"]
[EventRounds "9"]
[EventCountry "ESP"]
[Source "lmi"]
[SourceDate "2005.12.17"]

1. e4 e6 2. d4 d5 3. Nc3 dxe4 4. Nxe4 Nd7 5. Nf3 Ngf6 6. Nxf6+ Nxf6 7. c3 Be7
8. Bd3 O-O 9. O-O b6 10. Qe2 Bb7 11. Bg5 Nd5 12. Qe4 g6 13. Bxe7 Qxe7 14. Rfe1
Rab8 15. Qe5 Qd6 16. Be4 Qxe5 17. Nxe5 Rfd8 18. Rad1 Rd6 19. g3 Nf6 20. Bxb7
Rxb7 21. f4 Rb8 22. Kf2 Rbd8 23. Ke2 Nd7 24. Nc4 Rc6 25. Ne3 Nf6 26. Kf3 h5 27.
h3 Rcd6 28. g4 c5 29. g5 cxd4 30. Nc4 Ne8 31. Nxd6 Rxd6 32. Rxd4 Rxd4 33. cxd4
Kf8 34. Rc1 Ke7 35. Ke4 f6 36. a4 fxg5 37. fxg5 Kd7 38. Ke5 Nd6 39. Kf6 Nf5 40.
Kxg6 Nxd4 41. Rd1 e5 42. Kf6 Kd6 43. g6 Kc5 44. g7 1-0

[Event "I Torneo de Ajedrez La Salle"]
[Site "Zaragoza ESP"]
[Date "2005.11.04"]
[Round "4.1"]
[White "Ramiro Ovejero, Juan Luis"]
[Black "Villuendas Valero, Adrian"]
[Result "1-0"]
[WhiteElo "2332"]
[BlackElo "2154"]
[PlyCount "84"]
[EventDate "2005.10.08"]
[EventType "swiss"]
[EventRounds "9"]
[EventCountry "ESP"]
[Source "lmi"]
[SourceDate "2005.12.17"]

1. e4 c5 2. Nf3 d6 3. Bb5+ Nd7 4. O-O Ngf6 5. Re1 a6 6. Bf1 b6 7. d4 cxd4 8.
Nxd4 Bb7 9. f3 e6 10. c4 Be7 11. Nc3 O-O 12. Be3 Rc8 13. Rc1 Qc7 14. a3 Qb8 15.
b4 Qa8 16. Qd2 Bd8 17. Nb3 Bc7 18. Qf2 Qb8 19. g3 d5 20. exd5 exd5 21. c5 bxc5
22. Nxc5 Nxc5 23. Bxc5 Bd6 24. Na4 Rfe8 25. Bxd6 Qxd6 26. Nc5 Rxe1 27. Rxe1 Qc6
28. Re7 Rc7 29. Rxc7 Qxc7 30. Qd4 Bc8 31. a4 Qb6 32. a5 Qc6 33. Qe5 h5 34. Kf2
Kh7 35. Bd3+ g6 36. Ke3 h4 37. Kd4 hxg3 38. hxg3 Ne8 39. f4 Nc7 40. f5 gxf5 41.
Bxf5+ Bxf5 42. Qxf5+ Kg7 1-0

[Event "I Torneo de Ajedrez La Salle"]
[Site "Zaragoza ESP"]
[Date "2005.11.04"]
[Round "4.2"]
[White "Roche Simon, Manuel A"]
[Black "Hernando Garcia, Antonio"]
[Result "1/2-1/2"]
[WhiteElo "2206"]
[BlackElo "2137"]
[PlyCount "128"]
[EventDate "2005.10.08"]
[EventType "swiss"]
[EventRounds "9"]
[EventCountry "ESP"]
[Source "lmi"]
[SourceDate "2005.12.17"]

1. e4 d5 2. exd5 Qxd5 3. Nc3 Qd8 4. d4 c6 5. Bc4 Bf5 6. Nf3 e6 7. Ne5 Nd7 8.
Qe2 Nxe5 9. dxe5 Bb4 10. O-O Qh4 11. f4 Ne7 12. Ne4 Bxe4 13. Qxe4 Bc5+ 14. Be3
Bxe3+ 15. Qxe3 Nd5 16. Bxd5 cxd5 17. c4 dxc4 18. Rac1 O-O 19. Rxc4 Qd8 20. Rfc1
Qd5 21. Qc5 Rad8 22. Qxd5 Rxd5 23. Rc7 Rb5 24. b3 g6 25. Rd1 Rb4 26. g3 a5 27.
Rdd7 b5 28. Kg2 a4 29. Rd3 axb3 30. axb3 h6 31. h4 g5 32. hxg5 hxg5 33. Kf3
gxf4 34. gxf4 Kg7 35. Rc2 Ra8 36. Rg2+ Kf8 37. Rc3 Ra3 38. Rc8+ Ke7 39. Rc7+
Kf8 40. Kg4 Rbxb3 41. Kg5 Kg7 42. f5 exf5 43. e6 Rg3+ 44. Rxg3 Rxg3+ 45. Kf4
Rg1 46. Rxf7+ Kg6 47. Rf8 Re1 48. Rg8+ Kf6 49. Rf8+ Kg6 50. Rg8+ Kf6 51. Rf8+
Ke7 52. Rxf5 Rb1 53. Re5 b4 54. Rb5 Kxe6 55. Ke4 Kd6 56. Kd4 Kc6 57. Rb8 Kc7
58. Rb5 Kc6 59. Rb8 Rh1 60. Kc4 Rh4+ 61. Kb3 Kc5 62. Rc8+ Kb5 63. Rb8+ Kc5 64.
Rc8+ Kb5 1/2-1/2

[Event "I Torneo de Ajedrez La Salle"]
[Site "Zaragoza ESP"]
[Date "2005.11.04"]
[Round "4.5"]
[White "Gutierrez Miguenza, Ruben"]
[Black "Palacios Latasa, Elias"]
[Result "1/2-1/2"]
[WhiteElo "2118"]
[BlackElo "2204"]
[PlyCount "58"]
[EventDate "2005.10.08"]
[EventType "swiss"]
[EventRounds "9"]
[EventCountry "ESP"]
[Source "lmi"]
[SourceDate "2005.12.17"]

1. d4 Nf6 2. Nf3 g6 3. c4 Bg7 4. g3 O-O 5. Bg2 d5 6. O-O Nc6 7. Ne5 dxc4 8.
Nxc6 bxc6 9. Bxc6 Bh3 10. Re1 Rb8 11. b3 Ng4 12. e3 e5 13. Bb2 Qg5 14. Nd2 exd4
15. exd4 Rfd8 16. Nxc4 Qh6 17. Bf3 Nxh2 18. Kxh2 Be6+ 19. Kg1 Bxc4 20. Qc1 Bd5
21. Qxh6 Bxh6 22. Bxd5 Rxd5 23. Re7 Rc8 24. Rae1 Rdd8 25. R1e2 Bf8 26. R7e4 h5
27. Bc1 c5 28. dxc5 Rd1+ 29. Re1 Rxe1+ 1/2-1/2

[Event "I Torneo de Ajedrez La Salle"]
[Site "Zaragoza ESP"]
[Date "2005.11.04"]
[Round "4.6"]
[White "Navarro Alonso, Jorge Luis"]
[Black "Cebollada Pacheco, Jesus Raul"]
[Result "1-0"]
[WhiteElo "2136"]
[BlackElo "2052"]
[PlyCount "57"]
[EventDate "2005.10.08"]
[EventType "swiss"]
[EventRounds "9"]
[EventCountry "ESP"]
[Source "lmi"]
[SourceDate "2005.12.17"]

1. e4 e5 2. Nf3 Nc6 3. Bc4 Bc5 4. c3 Nf6 5. d4 exd4 6. cxd4 Bb4+ 7. Nc3 Nxe4 8.
O-O Bxc3 9. d5 Bf6 10. Re1 O-O 11. Rxe4 Nb8 12. d6 cxd6 13. Qxd6 Nc6 14. Bg5
Bxg5 15. Nxg5 Qxg5 16. Bxf7+ Kxf7 17. Rf4+ Qxf4 18. Qxf4+ Kg8 19. Qd6 a5 20.
Re1 Ra6 21. Qd5+ Kh8 22. Qf7 Rg8 23. Re8 Ne7 24. Qxe7 Re6 25. Rxg8+ Kxg8 26.
Qd8+ Kf7 27. h3 Rc6 28. Qxa5 b6 29. Qh5+ 1-0

[Event "I Torneo de Ajedrez La Salle"]
[Site "Zaragoza ESP"]
[Date "2005.11.04"]
[Round "4.8"]
[White "Labena Bernal, Antonio"]
[Black "Colas Longares, Rafael P"]
[Result "1/2-1/2"]
[WhiteElo "1942"]
[BlackElo "2280"]
[PlyCount "99"]
[EventDate "2005.10.08"]
[EventType "swiss"]
[EventRounds "9"]
[EventCountry "ESP"]
[Source "lmi"]
[SourceDate "2005.12.17"]

1. e4 c5 2. c3 Nf6 3. e5 Nd5 4. d4 cxd4 5. Nf3 Nc6 6. Bc4 Nb6 7. Bb3 d5 8. exd6
e6 9. Nxd4 Nxd4 10. Qxd4 Qxd6 11. Qxd6 Bxd6 12. Nd2 Bd7 13. O-O Bc6 14. Nc4
Nxc4 15. Bxc4 O-O-O 16. Be3 Bc7 17. Rfd1 Kb8 18. Be2 Ba4 19. b3 Bc6 20. Rxd8+
Rxd8 21. Rd1 Rxd1+ 22. Bxd1 Be5 23. Bd2 Be4 24. f3 Bd3 25. Kf2 Kc7 26. g3 Bd6
27. Bc1 Bc5+ 28. Be3 Kd6 29. Bxc5+ Kxc5 30. Ke3 Bg6 31. Kd2 e5 32. Be2 f5 33.
Ke3 Bf7 34. b4+ Kd6 35. c4 b6 36. a3 h6 37. Bd3 Be6 38. Be2 Bd7 39. Bd3 Ke6 40.
Bc2 g5 41. Bd3 Kd6 42. Bc2 Bc8 43. Bd3 Be6 44. Bc2 Bd7 45. Bd3 h5 46. Be2 Bc6
47. Bd3 Bd7 48. Be2 Ba4 49. Bd3 Bd7 50. Ke2 1/2-1/2

[Event "I Torneo de Ajedrez La Salle"]
[Site "Zaragoza ESP"]
[Date "2005.11.04"]
[Round "4.9"]
[White "Cerrajeria Ruiz, Jesus Maria"]
[Black "Forcen Esteban, Victor"]
[Result "1/2-1/2"]
[WhiteElo "2159"]
[BlackElo "1943"]
[PlyCount "105"]
[EventDate "2005.10.08"]
[EventType "swiss"]
[EventRounds "9"]
[EventCountry "ESP"]
[Source "lmi"]
[SourceDate "2005.12.17"]

1. Nf3 c5 2. g3 d6 3. Bg2 Nf6 4. O-O g6 5. c4 Bg7 6. Nc3 Nc6 7. a3 Be6 8. d4
cxd4 9. Nxd4 Nxd4 10. Qxd4 Qc8 11. Nd5 Bxd5 12. Bxd5 O-O 13. Bf3 Nd7 14. Qd5
Ne5 15. Qxb7 Nxf3+ 16. Qxf3 Qxc4 17. Bg5 Bxb2 18. Rab1 Qc3 19. Bxe7 Qxf3 20.
exf3 Bxa3 21. Bxf8 Kxf8 22. Rb7 Bc5 23. Re1 Re8 24. Re4 a5 25. g4 Rxe4 26. fxe4
a4 27. Kf1 a3 28. g5 Bd4 29. Rb8+ Ke7 30. Ra8 Bb2 31. Kg2 Ke6 32. f4 f6 33.
gxf6 Kxf6 34. Kf3 g5 35. f5 h5 36. h3 Ke5 37. Ra5+ Kf6 38. Ke3 Bc1+ 39. Kd3 Bb2
40. Kc2 g4 41. hxg4 h4 42. e5+ Bxe5 43. Rxa3 Kg5 44. Re3 Kxg4 45. Rxe5 dxe5 46.
f6 h3 47. f7 h2 48. f8=Q h1=Q 49. Qg7+ Kf5 50. Qf7+ Kg5 51. Qg7+ Kf5 52. Qf7+
Kg5 53. Qg7+ 1/2-1/2

[Event "I Torneo de Ajedrez La Salle"]
[Site "Zaragoza ESP"]
[Date "2005.11.04"]
[Round "4.10"]
[White "Vasilev, Vas"]
[Black "Sanz Lopez, Ruben"]
[Result "0-1"]
[WhiteElo "2094"]
[BlackElo "1941"]
[PlyCount "65"]
[EventDate "2005.10.08"]
[EventType "swiss"]
[EventRounds "9"]
[EventCountry "ESP"]
[Source "lmi"]
[SourceDate "2005.12.17"]

1. d4 d5 2. Nf3 e6 3. c3 c6 4. Bg5 Be7 5. h4 h6 6. Bxe7 Qxe7 7. Nbd2 Nf6 8. e3
Nbd7 9. Ne5 Nxe5 10. dxe5 Nd7 11. f4 b6 12. Nf3 Bb7 13. Bd3 Nc5 14. Nd4 O-O-O
15. Bc2 Kb8 16. Qf3 f6 17. Qh3 f5 18. h5 Ne4 19. Bxe4 dxe4 20. O-O-O a6 21. Qh4
Qxh4 22. Rxh4 Rhe8 23. b4 Kc7 24. g4 c5 25. bxc5 bxc5 26. Nb3 Rxd1+ 27. Kxd1
Kb6 28. gxf5 exf5 29. Rh2 Rd8+ 30. Kc2 Bd5 31. Nc1 Be6 32. Nb3 a5 33. Nc1 0-1